Southville International School and Colleges
Your cart is empty.
  • Cart
  • Lists
    Public lists Eva Luna New books Lux_list list_1
    Your lists Log in to create your own lists
  • Log in to your account
  • Your cookies
  • Search history
Southville International School and Colleges
  • Advanced search
  • Recent comments
  • Most popular
  • Libraries

Log in to your account

Log in with GOOGLE


If you do not have an external account, but do have a local account, you can still log in:

  1. Home
  2. MARC view: Looking for America:
Normal view MARC view ISBD view

Looking for America: (Record no. 8912)

[ view plain ]
MARC details
000 -LEADER
fixed length control field 00476nam a22001697a 4500
003 - CONTROL NUMBER IDENTIFIER
control field SISC
005 - DATE AND TIME OF LATEST TRANSACTION
control field 20160404151526.0
008 - FIXED-LENGTH DATA ELEMENTS--GENERAL INFORMATION
fixed length control field 130817t xxu||||| |||| 00| 0 eng d
020 ## - INTERNATIONAL STANDARD BOOK NUMBER
International Standard Book Number 0393950077
050 ## - LIBRARY OF CONGRESS CALL NUMBER
Classification number HN 57
Item number .K97 1979
082 ## - DEWEY DECIMAL CLASSIFICATION NUMBER
Classification number HS 309.173
Item number K95 1979
245 ## - TITLE STATEMENT
Title Looking for America:
Remainder of title The People's History
Statement of responsibility, etc Kutler, Stanley I.
260 ## - PUBLICATION, DISTRIBUTION, ETC. (IMPRINT)
Place of publication, distribution, etc New York :
Name of publisher, distributor, etc W.W.Norton & Company,
Date of publication, distribution, etc 1979
300 ## - PHYSICAL DESCRIPTION
Extent 477 p.,
Other physical details ill.
Dimensions 24 cm.
942 ## - ADDED ENTRY ELEMENTS (KOHA)
Source of classification or shelving scheme Library of Congress Classification
Koha item type Books
Holdings
Withdrawn status Lost status Source of classification or shelving scheme Damaged status Home library Current library Shelving location Date acquired Total Checkouts Full call number Barcode Date last seen Price effective from Koha item type
    Library of Congress Classification   Luxembourg Library Luxembourg Library High School Section 08/17/2013   HN 57 .K97 1979 8860 04/04/2016 08/17/2013 Books

Looking for America:

APA

(1979). Looking for America. New York: W.W.Norton & Company.

Chicago

1979. Looking for America. New York: W.W.Norton & Company.

Harvard

(1979). Looking for America. New York: W.W.Norton & Company.

MLA

Looking for America. New York: W.W.Norton & Company. 1979.

  • Place hold
  • Print
  • Cite
  • Add to your cart (remove)
  • Save record
    BIBTEX Dublin Core MARCXML MARC (non-Unicode/MARC-8) MARC (Unicode/UTF-8) MARC (Unicode/UTF-8, Standard) MODS (XML) RIS
  • More searches
    Search for this title in:
    Other Libraries (WorldCat) Other Databases (Google Scholar) Online Stores (Bookfinder.com) Open Library (openlibrary.org)

Exporting to Dublin Core...

SOUTHVILLE LIBRARY

Southville International School and Colleges Library

1281 Tropical Ave. Cor. Luxembourg St., BF Homes International, Las Pinas City

Tel. No. 8256374 / 252358 Loc. 117/146

Powered by Koha